000
00295nam a22001217a 4500
999
_c
13969
_d
13969
082
_a
629.89
100
_a
Saeed B. Niku
245
_a
Introduction to Robotics ; Analysis, Control and Applications
250
_a
Second Edition
260
_a
California
_c
2010
300
_a
466 pages
942
_c
BK